|
|
|
|
| LEADER |
00000nam a2200000Ii 4500 |
| 001 |
DIGEDUNAV0411 |
| 003 |
NyNyDIG |
| 006 |
m o d |
| 007 |
cr ||||||||||| |
| 008 |
220604s2016 sp o 100 0 spa d |
| 035 |
|
|
|a (OCoLC)1333701752
|
| 040 |
|
|
|a DGITA
|b eng
|e rda
|e pn
|c DGITA
|
| 020 |
|
|
|z 9788431331641
|
| 050 |
1 |
4 |
|a PQ6358.A7 ebook
|
| 245 |
0 |
0 |
|a Recreaciones quijotescas y cervantinas en las artes :
|b Cervantes y su obra /
|c Carlos Mata Induráin (ed.)
|
| 264 |
|
1 |
|a Pamplona, España :
|b EUNSA, Ediciones Universidad de Navarra,
|c [2016]
|
| 300 |
|
|
|a 1 online resource.
|
| 336 |
|
|
|a text
|b txt
|2 rdacontent
|
| 337 |
|
|
|a computer
|b c
|2 rdamedia
|
| 338 |
|
|
|a online resource
|b cr
|2 rdacarrier
|
| 347 |
|
|
|a text file
|2 rdaft
|
| 347 |
|
|
|b PDF
|
| 490 |
1 |
|
|a Anejos de RILCE ;
|v 63
|
| 500 |
|
|
|a "Los días 11 y 12 de diciembre de 2014 se celebró en la Universidad de Navarra el Congreso Internacional "Recreaciones quijotescas y cervantinas en las artes / Cervantes y su obra", coorganizado en esta ocasión por GRISO-Universidad de Navarra y el Groupe de recherche sur la Civilisation et la Littérature Espagnoles du Siècle d'Or (CLESO) de la Université de Toulouse-Le Mirail--Pages 7-8.
|
| 588 |
0 |
|
|a Online resource; title from PDF title page (Digitalia, viewed June 4, 2022)
|
| 600 |
1 |
0 |
|a Cervantes Saavedra, Miguel de,
|d 1547-1616
|x Characters
|v Congresses.
|
| 600 |
1 |
0 |
|a Cervantes Saavedra, Miguel de, 1547-1616
|x Dramatic production
|v Congresses.
|
| 600 |
1 |
0 |
|a Quixote,
|c Don (Fictitious character)
|x Art
|v Congresses.
|
| 655 |
|
0 |
|a Electronic books.
|
| 700 |
1 |
|
|a Mata Induráin, Carlos,
|e editor.
|
| 791 |
2 |
|
|a Digitalia (Firm),
|e distributor.
|
| 793 |
0 |
|
|g Digitalia eBook Collection:
|a Ediciones Universidad de Navarra
|
| 776 |
0 |
8 |
|i Print version:
|t Recreaciones quijotescas y cervantinas en las artes.
|b Primera edición.
|d Pamplona, España : EUNSA, Ediciones Universidad de Navarra, [2016]
|z 9788431331641
|
| 830 |
|
0 |
|a Números anejos de RILCE ;
|v no. 63.
|
| 856 |
4 |
0 |
|3 Digitalia Hispánica
|u https://www.digitaliapublishing.com/a/51621/
|
| 910 |
|
|
|a Premium collection: 2022
|